书目信息 |
| 题名: |
化工机械材料腐蚀与防护
|
|
| 作者: | 陈匡民 主编 | |
| 分册: | ||
| 出版信息: | 北京 化学工业出版社 1990 |
|
| 页数: | 187 | |
| 开本: | 26cm | |
| 丛书名: | ||
| 单 册: | ||
| 中图分类: | TQ050.9 | |
| 科图分类: | ||
| 主题词: | 化工机械 , 化工设备 | |
| 电子资源: | ||
| ISBN: | 7-5025-0784-1 | |
| 000 | 00574nam0 2200193 450 | |
| 001 | 0754114953 | |
| 005 | 20070929150154.95 | |
| 010 | @a7-5025-0784-1 | |
| 100 | @a20070929d km y0chiy0120 ea | |
| 101 | 0 | @achi |
| 200 | 1 | @a化工机械材料腐蚀与防护@Ahua gong ji xie cai liao fu shi yu fang hu@f陈匡民 主编@Fchen kuang min zhu bian |
| 210 | @a北京@c化学工业出版社@d1990 | |
| 215 | @a187@c插图@d26cm | |
| 606 | 0 | @a化工机械 |
| 606 | 0 | @a化工设备 |
| 690 | @aTQ050.9@v3 | |
| 701 | 0 | @a陈匡民@Achen kuang min@4主编 |
| 801 | 0 | @aCN@bPFT@c20070929 |
| 905 | @a213230@dTQ050.9@eh12@f1 | |
| 化工机械材料腐蚀与防护/陈匡民 主编.-北京:化学工业出版社,1990 |
| 187:插图;26cm |
| ISBN 7-5025-0784-1: |
| ● |
| 相关链接 |
|
|
|
|
正题名:化工机械材料腐蚀与防护
索取号:TQ050.9/h12
 
预约/预借
| 序号 | 登录号 | 条形码 | 馆藏地/架位号 | 状态 | 备注 |
| 1 | 6000545 | 260005452 | 密集书库-化学系/ [索取号:TQ050.9/h12] | 在馆 |